00651nam a2200205 i 4500001000300000100002000003245007500023250001200098260004600110300002600156504001200182650004200194700002400236020001500260040000800275041000800283080001500291008004100306856009800347bg1 aARENS, Alvin A.10aAuditing an integrated approach /cAlvin A. Arens, James K. Loebbecke. a4th ed. aEnglewood Cliffs :bPrentice-Hall,c1988. aXVI, 832 s. ;c25 cm. aIndeks. 9aPrzedsiębiorstwoxfinansexkontrola1 aLOEBBECKE, James K. a0130509159 cBPK0 aeng a658.14/.17 s pl f |000 0 pol  uhttp://koha.tu.koszalin.pl/cgi-bin/koha/opac-detail.pl?biblionumber=44764yKatalog online BPK